000 00257nam a2200097Ia 4500
001 692267
005 20250826161851.0
008 250824s9999 xx 000 0 und d
245 0 _aGORİOT BABA (ANTİK)
_cHONORE DE BALZAC
260 _bANTİK DÜNYA KLASİKLERİ
999 _c692267
_d692267